Pond and stream life / (Record no. 9270)
[ view plain ]
| 000 -LEADER | |
|---|---|
| fixed length control field | 00340cam a2200145ua 4500 |
| 041 ## - LANGUAGE CODE | |
| Language code of text/sound track or separate title | eng |
| 082 ## - DEWEY DECIMAL CLASSIFICATION NUMBER | |
| Classification number | 574.526323 |
| Item number | CLE/PO |
| 100 ## - MAIN ENTRY--AUTHOR NAME | |
| Personal name | Clegg, John . |
| 245 ## - TITLE STATEMENT | |
| Title | Pond and stream life / |
| 260 ## - PUBLICATION, DISTRIBUTION, ETC. (IMPRINT) | |
| Place of publication | Stanford : |
| Name of publisher | Water life. |
| 300 ## - PHYSICAL DESCRIPTION | |
| Number of Pages | 44 ; . |
| 942 ## - ADDED ENTRY ELEMENTS (KOHA) | |
| Koha item type | Books |
| Withdrawn status | Lost status | Damaged status | Home library | Current library | Date acquired | Full call number | Accession Number | Koha item type | Public note |
|---|---|---|---|---|---|---|---|---|---|
| Withdrawn | KAUAET | KAUAET | 07/04/2012 | 574.526323 | 3429 | Books | Deleted |
